[Event "4NCL Online Division 7"]
[Site "online"]
[Date "2021.02.23"]
[EventDate "2021.02.23"]
[Round "3.182"]
[White "Westwood, Cameron"]
[WhiteElo "1705"]
[WhiteTeam "Aberystwyth University 1"]
[Black "Molleker, Stanislav"]
[BlackElo "1400"]
[BlackTeam "MK Phoenix 5"]
[Result "1/2-1/2"]
[PlyCount "98"]

1. c4 g6 2. g3 Bg7 3. Bg2 d6 4. e4 e5 5. Ne2 Nf6 6. Nbc3 O-O 7. O-O Nc6 8. h3 Be6 9. d3 Qd7 10. Kh2 Nh5 11. Be3 f5 12. f4 fxe4 13. Nxe4 exf4 14. Nxf4 Nxf4 15. Bxf4 Nd4 16. Qd2 Bf5 17. Rf2 Rae8 18. Raf1 Ne6 19. Bh6 Bxe4 20. Bxe4 c6 21. Rxf8+ Rxf8 22. Rxf8+ Bxf8 23. Bxf8 Kxf8 24. Qf2+ Qf7 25. Qxa7 Nc5 26. Bg2 Nxd3 27. Qb8+ Kg7 28. Qxd6 Nxb2 29. Qe5+ Qf6 30. Qc7+ Qf7 31. Qe5+ Qf6 32. Qc5 Qf7 33. Qe5+ Qf6 34. Qc7+ Qf7 35. Qb6 Nxc4 36. Qd4+ Kf8 37. Qd8+ Qe8 38. Qc7 Qe7 39. Qf4+ Qf7 40. Qh6+ Qg7 41. Qh4 Qf7 42. Qd8+ Qe8 43. Qd4 Qf7 44. h4 Ke7 45. Bh3 Qd5 46. Qg7+ Qf7 47. Qd4 Qd5 48. Qg7+ Qf7 49. Qd4 Qd5 1/2-1/2

[Event "4NCL Online Division 7"]
[Site "online"]
[Date "2021.02.23"]
[EventDate "2021.02.23"]
[Round "3.183"]
[White "Cox, David"]
[WhiteElo "1252"]
[WhiteTeam "MK Phoenix 5"]
[Black "Horhey, Matthew"]
[BlackElo "1600"]
[BlackTeam "Aberystwyth University 1"]
[Result "0-1"]
[PlyCount "78"]

1. e4 c5 2. d4 cxd4 3. c3 dxc3 4. Nxc3 Nc6 5. Nf3 g6 6. Bc4 Bg7 7. e5 Qa5 8. O-O Nxe5 9. Nxe5 Qxe5 10. Nd5 Qb8 11. Qf3 e6 12. Re1 Kf8 13. Bf4 d6 14. Nc3 a6 15. Rad1 Be5 16. Bxe5 dxe5 17. Rd8+ Kg7 18. Ne4 Qc7 19. Rxg8+ Kxg8 20. Ng5 h6 21. Nxf7 Qxf7 22. Qb3 b5 23. Bd3 Bb7 24. Re3 Rf8 25. Qc2 e4 26. Be2 Rc8 27. Qd2 Kh7 28. Rh3 Qg7 29. f3 Rhd8 30. Qe3 Qd4 31. fxe4 Rc1+ 32. Kf2 Rf8+ 33. Rf3 Rxf3+ 34. gxf3 Qe5 35. Qxc1 Qxh2+ 36. Ke3 g5 37. Qc2 Qf4+ 38. Kd3 g4 39. fxg4 Bxe4+ 0-1

[Event "4NCL Online Division 7"]
[Site "online"]
[Date "2021.02.23"]
[EventDate "2021.02.23"]
[Round "3.184"]
[White "Rafferty, Kieran"]
[WhiteElo "1500"]
[WhiteTeam "Aberystwyth University 1"]
[Black "Tierney, John"]
[BlackElo "1200"]
[BlackTeam "MK Phoenix 5"]
[Result "1-0"]
[PlyCount "79"]

1. e4 Nf6 2. e5 Nd5 3. d4 e6 4. c4 Nb6 5. f4 d5 6. c5 Nc4 7. Bxc4 dxc4 8. Nf3 Be7 9. O-O Nc6 10. Nc3 b6 11. cxb6 cxb6 12. Qa4 Bb4 13. Qxc6+ Bd7 14. Qe4 Bxc3 15. bxc3 O-O 16. Ba3 f5 17. Qe2 Re8 18. Qxc4 Rc8 19. Qb3 a5 20. Bd6 a4 21. Qa3 b5 22. Rfc1 Qa5 23. Qb4 Qxb4 24. cxb4 Rxc1+ 25. Rxc1 g6 26. Rc7 Rc8 27. Rxc8+ Bxc8 28. Ng5 a3 29. Kf2 Bb7 30. Ke1 h6 31. Nxe6 Be4 32. Nc7 Bd3 33. e6 Bc4 34. e7 Bxa2 35. e8=Q+ Kg7 36. Ne6+ Bxe6 37. Qxe6 h5 38. Be5+ Kh6 39. Qg8 g5 40. Qg7# 1-0

[Event "4NCL Online Division 7"]
[Site "online"]
[Date "2021.02.23"]
[EventDate "2021.02.23"]
[Round "3.191"]
[White "Lamb, Ian"]
[WhiteElo "1635"]
[WhiteTeam "Bolton and Worsley 2"]
[Black "Voiculescu-Holvad, Stefan"]
[BlackElo "1779"]
[BlackTeam "Londinium Legionaries"]
[Result "1-0"]
[PlyCount "83"]

1. Nf3 Nf6 2. c4 g6 3. Nc3 Bg7 4. d4 O-O 5. e4 d6 6. h3 e5 7. Be3 Nbd7 8. Be2 c6 9. Qd2 exd4 10. Nxd4 Nc5 11. f3 a5 12. Bh6 Nh5 13. O-O-O Qb6 14. Bxg7 Nxg7 15. Nc2 Ne8 16. h4 a4 17. h5 Be6 18. hxg6 fxg6 19. Rxh7 Kxh7 20. Rh1+ Kg8 21. Qh6 Ng7 22. Qxg6 Qd8 23. Rh6 Nd7 24. Nd4 Rf6 25. Qh7+ Kf8 26. Nxe6+ Nxe6 27. Qh8+ Ke7 28. Qh7+ Rf7 29. Qg6 Nf6 30. e5 dxe5 31. Ne4 Qf8 32. c5 Qg7 33. Qxg7 Nxg7 34. Bc4 Ne6 35. Nd6 Rff8 36. g4 Rh8 37. Nf5+ Kd7 38. Rxf6 Raf8 39. Rxe6 Rh3 40. Re7+ Kd8 41. Rxb7 Rxf3 42. Rb8+ 1-0

[Event "4NCL Online Division 7"]
[Site "online"]
[Date "2021.02.23"]
[EventDate "2021.02.23"]
[Round "3.192"]
[White "Mourant, Malcolm"]
[WhiteElo "1639"]
[WhiteTeam "Londinium Legionaries"]
[Black "Lane, Anthony J"]
[BlackElo "1705"]
[BlackTeam "Bolton and Worsley 2"]
[Result "1/2-1/2"]
[PlyCount "64"]

1. c4 g6 2. d4 f5 3. Nf3 Bg7 4. Bf4 d6 5. Nc3 Nf6 6. e3 O-O 7. c5 c6 8. cxd6 exd6 9. Qb3+ d5 10. Be2 Nbd7 11. h4 Nh5 12. Be5 Nxe5 13. Nxe5 Bxe5 14. Bxh5 Bf6 15. Bf3 Bxh4 16. g3 Bf6 17. O-O-O Kg7 18. Rdg1 Qe7 19. Rh2 Be6 20. g4 fxg4 21. Bxg4 Bxg4 22. Rxg4 Qd7 23. Rg1 Rac8 24. Kb1 b6 25. Qd1 Qf5+ 26. Ka1 a6 27. Ne2 Rh8 28. Ng3 Qe6 29. Nh5+ Kf7 30. Nxf6 Qxf6 31. Qg4 Rcd8 32. Qg3 Rd7 1/2-1/2

[Event "4NCL Online Division 7"]
[Site "online"]
[Date "2021.02.23"]
[EventDate "2021.02.23"]
[Round "3.193"]
[White "Beavan, Andrew"]
[WhiteElo "1450"]
[WhiteTeam "Bolton and Worsley 2"]
[Black "Vigus, David"]
[BlackElo "1510"]
[BlackTeam "Londinium Legionaries"]
[Result "1-0"]
[PlyCount "73"]

1. e4 d6 2. Nf3 g6 3. Nc3 Nf6 4. Bc4 Bg7 5. d3 O-O 6. Bg5 Nc6 7. a3 Ne5 8. Nxe5 dxe5 9. Bxf6 exf6 10. h4 h6 11. h5 g5 12. Qf3 c6 13. O-O-O b5 14. Bb3 a5 15. Ne2 Qe7 16. d4 Bb7 17. dxe5 fxe5 18. Qf5 Bc8 19. Qf3 Be6 20. Ng3 a4 21. Bxe6 Qxe6 22. Nf5 Rad8 23. Kb1 c5 24. Qc3 c4 25. Qb4 Qb6 26. f3 Rfe8 27. Rxd8 Rxd8 28. Ne7+ Kh7 29. Nd5 Qc6 30. Rd1 Bf8 31. Qd2 b4 32. Nf6+ Qxf6 33. Qxd8 Be7 34. Qd5 bxa3 35. bxa3 Bxa3 36. Ka2 Qe7 37. Qxc4 1-0

[Event "4NCL Online Division 7"]
[Site "online"]
[Date "2021.02.23"]
[EventDate "2021.02.23"]
[Round "3.194"]
[White "Agazade, Murad"]
[WhiteElo "1188"]
[WhiteTeam "Londinium Legionaries"]
[Black "Cresswell, Gary"]
[BlackElo "1308"]
[BlackTeam "Bolton and Worsley 2"]
[Result "1-0"]
[PlyCount "53"]

1. d4 d5 2. c4 e6 3. Nc3 Nf6 4. Bg5 Bd7 5. e4 Be7 6. e5 Ne4 7. Bxe7 Qxe7 8. Bd3 Nc6 9. Bxe4 dxe4 10. Nxe4 Qb4+ 11. Nc3 Qxb2 12. Rc1 Nxd4 13. Nf3 Nxf3+ 14. gxf3 O-O-O 15. O-O h5 16. Qd4 Kb8 17. Rb1 Qa3 18. Qe4 c6 19. Rb3 Qe7 20. Rfb1 b6 21. Na4 f5 22. Nxb6 axb6 23. Rxb6+ Ka7 24. Rb7+ Ka8 25. Qe3 Qg5+ 26. Qxg5 h4 27. Qe3 1-0

[Event "4NCL Online Division 7"]
[Site "online"]
[Date "2021.02.23"]
[EventDate "2021.02.23"]
[Round "3.201"]
[White "Keehner, John R"]
[WhiteElo "1657"]
[WhiteTeam "Redbridge All Sorts 3"]
[Black "Chen, William"]
[BlackElo "1320"]
[BlackTeam "Maidenhead 3"]
[Result "1-0"]
[PlyCount "92"]

1. e4 e5 2. Nf3 Nf6 3. Nxe5 Nc6 4. d4 Nxe5 5. dxe5 Nxe4 6. Bd3 Nc5 7. O-O Nxd3 8. Qxd3 Bc5 9. Be3 Bb6 10. Nd2 O-O 11. Nf3 Bxe3 12. Qxe3 Re8 13. Qd3 b6 14. Rfe1 Bb7 15. Rad1 Bc6 16. Qf5 Qe7 17. Nd4 Bb7 18. c3 d6 19. f4 dxe5 20. Rxe5 Qd6 21. Rde1 Rxe5 22. Qxe5 Qxe5 23. Rxe5 Kf8 24. a3 Re8 25. Rxe8+ Kxe8 26. Nb5 c6 27. Nd6+ Kd7 28. Nxb7 Kc7 29. Na5 bxa5 30. Kf2 Kb6 31. Ke3 Kc5 32. b3 f5 33. h4 Kb5 34. Kd4 a4 35. b4 g6 36. c4+ Kb6 37. Ke5 a5 38. bxa5+ Kxa5 39. Kf6 Kb6 40. Kg7 Kc5 41. Kxh7 Kxc4 42. Kxg6 Kd5 43. h5 c5 44. h6 c4 45. h7 c3 46. h8=Q Kc4 1-0

[Event "4NCL Online Division 7"]
[Site "online"]
[Date "2021.02.23"]
[EventDate "2021.02.23"]
[Round "3.202"]
[White "Thorley, Luke"]
[WhiteElo "1350"]
[WhiteTeam "Maidenhead 3"]
[Black "Sharman, Jay"]
[BlackElo "1592"]
[BlackTeam "Redbridge All Sorts 3"]
[Result "0-1"]
[PlyCount "76"]

1. d4 e6 2. Bf4 f5 3. Nf3 Nf6 4. Nbd2 b6 5. e3 Bb7 6. Bd3 Be7 7. h4 d6 8. c3 Nbd7 9. Qc2 Nh5 10. Bg5 h6 11. Bxe7 Qxe7 12. O-O-O O-O-O 13. Qa4 Kb8 14. e4 Nf4 15. Bf1 fxe4 16. Ba6 exf3 17. gxf3 e5 18. dxe5 dxe5 19. Ne4 Nc5 20. Nxc5 Qxc5 21. Rd2 Rxd2 22. Kxd2 Qxf2+ 23. Kc1 Bxf3 24. Rd1 Bxd1 25. Kxd1 Rd8+ 26. Kc1 Qd2+ 27. Kb1 Nd3 28. Bxd3 Qxd3+ 29. Kc1 Qd2+ 30. Kb1 Qd1+ 31. Qxd1 Rxd1+ 32. Kc2 Rd8 33. Kb3 e4 34. Kc4 e3 35. a4 e2 36. Kb5 e1=Q 37. Ka6 Qe2+ 38. c4 Qxc4# 0-1

[Event "4NCL Online Division 7"]
[Site "online"]
[Date "2021.02.23"]
[EventDate "2021.02.23"]
[Round "3.203"]
[White "Buckingham, Michael J"]
[WhiteElo "1592"]
[WhiteTeam "Redbridge All Sorts 3"]
[Black "Balachandar, Sridhar"]
[BlackElo "1216"]
[BlackTeam "Maidenhead 3"]
[Result "1-0"]
[PlyCount "115"]

1. d4 Nf6 2. c4 e5 3. dxe5 Ng4 4. Bf4 Qe7 5. Nf3 Qb4+ 6. Nbd2 Bc5 7. e3 d6 8. exd6 Bxd6 9. Bxd6 cxd6 10. b3 Nc6 11. Be2 Be6 12. O-O O-O-O 13. a3 Qb6 14. Ng5 h5 15. Nxe6 fxe6 16. Bxg4 hxg4 17. Qxg4 Rh6 18. b4 Qc7 19. Nf3 Ne5 20. Nxe5 dxe5 21. e4 Kb8 22. c5 Rd4 23. Rad1 a6 24. Rfe1 Qe7 25. Qg3 Qc7 26. h3 Rh8 27. Rxd4 exd4 28. Qxc7+ Kxc7 29. e5 Rd8 30. Kf1 d3 31. Rd1 Rd5 32. f4 Kc6 33. Kf2 Kb5 34. Ke3 Kc4 35. g4 Kb3 36. Rxd3+ Rxd3+ 37. Kxd3 Kxa3 38. Kc3 Ka4 39. h4 Kb5 40. h5 Kc6 41. g5 Kd7 42. h6 gxh6 43. gxh6 Ke7 44. h7 b5 45. h8=Q a5 46. Qf6+ Kd7 47. Qf7+ Kc6 48. Qxe6+ Kb7 49. Qb6+ Ka8 50. Qxa5+ Kb7 51. Qb6+ Ka8 52. Qh6 Kb7 53. f5 Kc7 54. f6 Kd7 55. f7 Kc7 56. f8=Q Kd7 57. Qfg7+ Ke8 58. Qhh8# 1-0

[Event "4NCL Online Division 7"]
[Site "online"]
[Date "2021.02.23"]
[EventDate "2021.02.23"]
[Round "3.204"]
[White "Cavaco, Francisco"]
[WhiteElo "1100"]
[WhiteTeam "Maidenhead 3"]
[Black "Harris, Dai"]
[BlackElo "1523"]
[BlackTeam "Redbridge All Sorts 3"]
[Result "0-1"]
[PlyCount "86"]

1. e4 c5 2. Bc4 e6 3. d3 a6 4. Nf3 b5 5. Bb3 Nc6 6. a3 d5 7. Bg5 Be7 8. exd5 exd5 9. Qe2 Be6 10. h4 h6 11. Bxe7 Ngxe7 12. Nc3 O-O 13. O-O-O Qc7 14. g3 Rfd8 15. d4 c4 16. Ba2 Qa5 17. Ne5 b4 18. Nb1 Rdc8 19. Qe3 Nf5 20. Nxc6 Rxc6 21. Qe5 b3 22. cxb3 cxb3+ 23. Nc3 bxa2 24. Kc2 Qa4+ 25. Kd2 Qxd4+ 26. Qxd4 Nxd4 27. Ke3 Nb3 28. Nxa2 Re8 29. Kf3 d4 30. Nb4 Rd6 31. Kg2 a5 32. Nd3 Bd5+ 33. Kh2 Bxh1 34. Kxh1 Re2 35. Nf4 Rxf2 36. Rd3 Nc5 37. Rd1 d3 38. Kg1 Rxb2 39. Ng2 Re6 40. Nf4 Re3 41. Nd5 Rxg3+ 42. Kf1 Ne4 43. Nf4 Rf3+ 0-1

[Event "4NCL Online Division 7"]
[Site "online"]
[Date "2021.02.23"]
[EventDate "2021.02.23"]
[Round "3.211"]
[White "Dunford, Anthony D"]
[WhiteElo "1810"]
[WhiteTeam "The Hemel's Gambit"]
[Black "Shiva, Shrishti"]
[BlackElo "1219"]
[BlackTeam "Colchester JFF C"]
[Result "0-1"]
[PlyCount "28"]

1. e4 e5 2. Bc4 Nf6 3. d4 exd4 4. Nf3 Bb4+ 5. c3 dxc3 6. bxc3 Ba5 7. Bg5 h6 8. Bh4 g5 9. Nxg5 hxg5 10. Bxg5 Rg8 11. h3 Rxg5 12. O-O d6 13. f3 Bxh3 14. Rf2 Bb6 0-1

[Event "4NCL Online Division 7"]
[Site "online"]
[Date "2021.02.23"]
[EventDate "2021.02.23"]
[Round "3.212"]
[White "Baig, Huzaifa"]
[WhiteElo "1212"]
[WhiteTeam "Colchester JFF C"]
[Black "Dunks, Peter"]
[BlackElo "1690"]
[BlackTeam "The Hemel's Gambit"]
[Result "0-1"]
[PlyCount "72"]

1. e4 c5 2. Nf3 d6 3. Bc4 e6 4. Nc3 Nc6 5. d3 Be7 6. a3 Nf6 7. h3 a6 8. Ba2 O-O 9. O-O b5 10. Re1 Bb7 11. Bf4 b4 12. axb4 Nxb4 13. Bb3 e5 14. Bg5 h6 15. Bh4 Qc7 16. Nd2 Rfd8 17. Nc4 Nc6 18. Ne3 Nd4 19. Ncd5 Nxd5 20. Nxd5 Bxd5 21. Bxe7 Qxe7 22. Bxd5 Ra7 23. b3 Ne6 24. Bxe6 Qxe6 25. Qd2 d5 26. exd5 Rxd5 27. Qe3 f6 28. f4 Re7 29. Qe4 Qd6 30. Rxa6 Qxa6 31. Qxd5+ Qe6 32. Qxe6+ Rxe6 33. fxe5 fxe5 34. Kf2 Kf7 35. Re4 Kf6 36. Rxe5 Rxe5 0-1

[Event "4NCL Online Division 7"]
[Site "online"]
[Date "2021.02.23"]
[EventDate "2021.02.23"]
[Round "3.213"]
[White "Huhn, Robert M"]
[WhiteElo "1377"]
[WhiteTeam "The Hemel's Gambit"]
[Black "Kariyawasam, Alexander"]
[BlackElo "1156"]
[BlackTeam "Colchester JFF C"]
[Result "1-0"]
[PlyCount "49"]

1. c4 d5 2. cxd5 Qd7 3. Nc3 Nf6 4. e4 e6 5. dxe6 Qxe6 6. Nge2 Bc5 7. d4 Bb4 8. f3 Nxe4 9. fxe4 O-O 10. a3 Bxc3+ 11. Nxc3 Re8 12. Bd3 Nc6 13. d5 Qe5 14. dxc6 Bf5 15. cxb7 Rab8 16. O-O Qd4+ 17. Kh1 Re5 18. Rxf5 Re6 19. Bc2 Qc4 20. Bb3 Qc5 21. Rxc5 Rg6 22. Rxc7 Rf8 23. Rc8 Rb6 24. Rxf8+ Kxf8 25. Qd8# 1-0

[Event "4NCL Online Division 7"]
[Site "online"]
[Date "2021.02.23"]
[EventDate "2021.02.23"]
[Round "3.214"]
[White "Kariyawasam, Rohan"]
[WhiteElo "1000"]
[WhiteTeam "Colchester JFF C"]
[Black "Wrzesinski, Roman"]
[BlackElo "1231"]
[BlackTeam "The Hemel's Gambit"]
[Result "0-1"]
[PlyCount "46"]

1. e3 c6 2. Nc3 d5 3. Nf3 Bg4 4. h3 Bxf3 5. gxf3 e6 6. Bd3 Be7 7. Qe2 Nh6 8. b3 Nd7 9. Ba3 Bxa3 10. O-O Bd6 11. f4 Qh4 12. Qg4 Nxg4 13. Kg2 Ngf6 14. Ne2 Nc5 15. Rh1 Nxd3 16. cxd3 O-O-O 17. a4 e5 18. a5 exf4 19. Ra4 Qg5+ 20. Kf1 f3 21. Ng3 Bxg3 22. Rg1 Qf5 23. fxg3 Qxd3+ 0-1

[Event "4NCL Online Division 7"]
[Site "online"]
[Date "2021.02.23"]
[EventDate "2021.02.23"]
[Round "3.221"]
[White "Liu, Wenle"]
[WhiteElo "1162"]
[WhiteTeam "St Benildus E"]
[Black "Bernard, Christopher"]
[BlackElo "1696"]
[BlackTeam "Streatham B"]
[Result "1-0"]
[PlyCount "119"]

1. e4 c5 2. Nf3 g6 3. c3 Nc6 4. d4 cxd4 5. cxd4 d5 6. exd5 Qxd5 7. Nc3 Qd8 8. Bb5 a6 9. Bxc6+ bxc6 10. O-O Bg7 11. Be3 Nf6 12. h3 O-O 13. Re1 Nd5 14. Nxd5 cxd5 15. Rc1 e6 16. Bg5 Qb6 17. Qa4 Qb5 18. Qxb5 axb5 19. a3 Ba6 20. Rc7 b4 21. Be7 Rfc8 22. Rxc8+ Rxc8 23. Bxb4 Bd3 24. Bc3 Be4 25. Nd2 Bd3 26. a4 Bc2 27. a5 Ba4 28. Ra1 Bb5 29. a6 Bc6 30. a7 Ba8 31. Nf3 f6 32. Ra6 Rc6 33. Ra5 Kf7 34. Rc5 Ke8 35. b4 Kd7 36. b5 Rc7 37. Rxc7+ Kxc7 38. Bb4 Kb6 39. Bc5+ Kxb5 40. Kf1 e5 41. Ke2 e4 42. Nd2 f5 43. g3 Bf6 44. f3 Bd8 45. fxe4 fxe4 46. Nb1 Bb6 47. Nc3+ Kc6 48. Na4 Bxc5 49. Nxc5 Kb6 50. Nd7+ Kxa7 51. Nf8 Kb6 52. Nxh7 Kb5 53. Nf8 Kc4 54. Ke3 Bc6 55. Nxg6 Be8 56. Ne5+ Kb5 57. g4 Kb6 58. h4 Kc7 59. h5 Kd6 60. h6 1-0

[Event "4NCL Online Division 7"]
[Site "online"]
[Date "2021.02.23"]
[EventDate "2021.02.23"]
[Round "3.222"]
[White "Chung, Michael"]
[WhiteElo "1631"]
[WhiteTeam "Streatham B"]
[Black "Hand, Joseph"]
[BlackElo "1092"]
[BlackTeam "St Benildus E"]
[Result "1-0"]
[PlyCount "171"]

1. e4 e5 2. Nf3 Nc6 3. Bc4 Bc5 4. c3 d6 5. d3 Be6 6. Be3 Bxc4 7. Bxc5 dxc5 8. dxc4 Qxd1+ 9. Kxd1 O-O-O+ 10. Kc2 Nf6 11. Nbd2 h6 12. h3 Rd6 13. Rad1 Rhd8 14. Rhe1 a5 15. a4 Nh5 16. Nf1 Nf4 17. Ne3 Nd3 18. Re2 Nf4 19. Red2 g6 20. h4 f6 21. g3 Nh3 22. Nd5 g5 23. Rh1 g4 24. Nh2 h5 25. f3 Rg8 26. fxg4 hxg4 27. Rf1 Rg6 28. Rg2 Kd8 29. Rf5 Ne7 30. Rh5 Nxd5 31. cxd5 Rg8 32. c4 c6 33. Kd3 cxd5 34. exd5 Kc7 35. Nf1 Rb6 36. Kc3 Rf8 37. Rf5 Rg8 38. Ne3 Kd7 39. Rh5 Ke8 40. Rh7 Kd8 41. Nf5 Re8 42. Rg7 e4 43. Rxg4 e3 44. Re2 Nf2 45. Rg7 Ne4+ 46. Kc2 Rb4 47. b3 b5 48. axb5 a4 49. Ra7 axb3+ 50. Kb2 Rxc4 51. Ra8+ Kd7 52. Rxe8 Kxe8 53. Rxe3 Kd7 54. h5 Ng5 55. h6 Rb4 56. Re7+ Kd8 57. h7 Nxh7 58. Rxh7 Rxb5 59. Rh4 c4 60. Rxc4 Rxd5 61. g4 Rd2+ 62. Kxb3 Rg2 63. Rd4+ Ke8 64. Kc3 Kf7 65. Kd3 Kg6 66. Ke3 Kg5 67. Kf3 Rg1 68. Ne3 Rh1 69. Rd5+ Kg6 70. Kg2 Ra1 71. Rf5 Ra2+ 72. Kf3 Ra3 73. Kf4 Ra4+ 74. Kf3 Ra3 75. Rd5 Ra6 76. Rd4 Ra3 77. Rf4 Rb3 78. Rd4 Ra3 79. Kf4 Ra6 80. Nf5 Rb6 81. Rd7 Rb4+ 82. Kg3 Rb3+ 83. Kh4 Rh3+ 84. Kxh3 Kg5 85. Kg3 Kg6 86. Rg7# 1-0

[Event "4NCL Online Division 7"]
[Site "online"]
[Date "2021.02.23"]
[EventDate "2021.02.23"]
[Round "3.223"]
[White "Gubala, Max"]
[WhiteElo "1110"]
[WhiteTeam "St Benildus E"]
[Black "Oshundiya, Angelo"]
[BlackElo "1486"]
[BlackTeam "Streatham B"]
[Result "0-1"]
[PlyCount "114"]

1. e4 c6 2. Nf3 d5 3. exd5 cxd5 4. d4 Nc6 5. c4 Nf6 6. cxd5 Nxd5 7. Nc3 Nxc3 8. bxc3 Bg4 9. h3 Bh5 10. Be2 e6 11. Rb1 Rb8 12. O-O Bd6 13. Re1 Qa5 14. Qc2 Bg6 15. Bd3 Bxd3 16. Qxd3 Qxa2 17. c4 Nb4 18. Qb3 Qxb3 19. Rxb3 Nc6 20. d5 Na5 21. Rd3 Nxc4 22. dxe6 O-O 23. exf7+ Rxf7 24. Re4 b5 25. Kf1 Re7 26. Rxe7 Bxe7 27. Rd7 Bc5 28. Bf4 Rf8 29. Rd5 Rxf4 30. Rxc5 a6 31. Rc8+ Rf8 32. Rc6 Ra8 33. Ke2 a5 34. Nd4 Re8+ 35. Kf1 Nd2+ 36. Kg1 b4 37. Rc2 Nb1 38. Nc6 Rc8 39. Ne7+ Kf7 40. Nxc8 Nc3 41. Nd6+ Ke6 42. Nc4 a4 43. Nd2 a3 44. Nb3 Kd5 45. Nc1 Kc4 46. Rd2 b3 47. Nxb3 Kxb3 48. Rd8 a2 49. Rb8+ Ka3 50. Ra8+ Na4 51. Rxa4+ Kxa4 52. Kh2 a1=Q 53. Kg3 Qe5+ 54. Kg4 Kb4 55. f4 Qe6+ 56. f5 Qe4+ 57. Kg3 Qxf5 0-1

[Event "4NCL Online Division 7"]
[Site "online"]
[Date "2021.02.23"]
[EventDate "2021.02.23"]
[Round "3.224"]
[White "Mo, Alex"]
[WhiteElo "1345"]
[WhiteTeam "Streatham B"]
[Black "Kashanin, Dimitry"]
[BlackElo "967"]
[BlackTeam "St Benildus E"]
[Result "1-0"]
[PlyCount "77"]

1. d4 Nf6 2. c4 g6 3. Nc3 Bg7 4. Nf3 O-O 5. Bf4 d6 6. e3 c5 7. Bd3 cxd4 8. exd4 Nc6 9. O-O Nh5 10. Bg3 Nxg3 11. hxg3 Nxd4 12. Nxd4 Bxd4 13. Be4 Bg7 14. Qb3 f5 15. Bxb7 Rb8 16. c5+ Kh8 17. c6 Bxb7 18. cxb7 Qc7 19. Rfe1 Rfe8 20. Nd5 Qxb7 21. Rab1 Qxb3 22. axb3 e5 23. Re3 Bh6 24. Rc3 e4 25. Rc7 Bg7 26. Rxa7 Rxb3 27. Rd7 Be5 28. Ra1 Kg8 29. Raa7 Rf8 30. Rxh7 Re8 31. Rh6 Rxb2 32. Rxg6+ Kh8 33. Nf6 Rb1+ 34. Kh2 Bxf6 35. Rxf6 d5 36. Rxf5 d4 37. Rd7 d3 38. Rfd5 Rg8 39. Rh5# 1-0

[Event "4NCL Online Division 7"]
[Site "online"]
[Date "2021.02.23"]
[EventDate "2021.02.23"]
[Round "3.231"]
[White "Gunn, Michael J"]
[WhiteElo "1582"]
[WhiteTeam "Guildford Castles 3"]
[Black "Smith, Jonathan"]
[BlackElo "1392"]
[BlackTeam "Far, Far Away"]
[Result "1-0"]
[PlyCount "59"]

1. d4 d5 2. Nf3 Nf6 3. e3 e6 4. Bd3 c5 5. c3 cxd4 6. exd4 Nc6 7. O-O Be7 8. Re1 O-O 9. Nbd2 Re8 10. Ne5 Bf8 11. Ndf3 h6 12. h3 g6 13. Bf4 Nh5 14. Bh2 Bg7 15. Qc2 Ne7 16. g4 Nf6 17. g5 hxg5 18. Nxg5 Rf8 19. Kh1 Nh7 20. Ngf3 b6 21. Rg1 a5 22. Rg2 Ba6 23. Bxa6 Rxa6 24. Rag1 Re8 25. h4 Nf8 26. h5 Bxe5 27. Nxe5 Kh7 28. hxg6+ Nfxg6 29. Qe2 Kg7 30. Qxa6 1-0

[Event "4NCL Online Division 7"]
[Site "online"]
[Date "2021.02.23"]
[EventDate "2021.02.23"]
[Round "3.232"]
[White "Varjian, Gary"]
[WhiteElo "1388"]
[WhiteTeam "Far, Far Away"]
[Black "Celebi, Serhan"]
[BlackElo "1547"]
[BlackTeam "Guildford Castles 3"]
[Result "0-1"]
[PlyCount "86"]

1. d4 d5 2. Nc3 Nf6 3. Bf4 e6 4. Nf3 Bd6 5. Bg3 c6 6. Qd2 Qc7 7. Ne5 Nbd7 8. Qg5 O-O 9. f4 h6 10. Qh4 Qb6 11. O-O-O Bb4 12. Be1 Bxc3 13. Bxc3 Ne4 14. Ng4 a5 15. Rd3 Qd8 16. Be1 Qxh4 17. Bxh4 f5 18. Ne5 Nxe5 19. fxe5 g5 20. Be1 b5 21. Rh3 Kg7 22. Rg1 Bd7 23. Rd3 Rfc8 24. b4 axb4 25. Kb2 c5 26. dxc5 Nxc5 27. Rd4 Na4+ 28. Kb3 Nc5+ 29. Kb2 Na4+ 30. Kb3 Nc3 31. Kxb4 Ra4+ 32. Kb3 Rxd4 33. Bxc3 Rdc4 34. Bb4 Rxc2 35. g4 f4 36. Rg2 Rc1 37. Rf2 d4 38. Rf3 Bc6 39. Rf2 Bd5+ 40. Kb2 R1c2+ 41. Kb1 Rc1+ 42. Kb2 R8c2+ 43. Ka3 Rxa2# 0-1

[Event "4NCL Online Division 7"]
[Site "online"]
[Date "2021.02.23"]
[EventDate "2021.02.23"]
[Round "3.233"]
[White "Garrood, Anthony"]
[WhiteElo "1411"]
[WhiteTeam "Guildford Castles 3"]
[Black "Evans, Alf"]
[BlackElo "1335"]
[BlackTeam "Far, Far Away"]
[Result "1-0"]
[PlyCount "71"]

1. d4 Nf6 2. c4 g6 3. Nc3 d5 4. cxd5 Nxd5 5. e4 Nxc3 6. bxc3 Bg7 7. Nf3 Bg4 8. h3 Bd7 9. Be3 a6 10. Bc4 b5 11. Bb3 c5 12. O-O c4 13. Bc2 O-O 14. Qd2 Nc6 15. Bh6 e6 16. e5 Ne7 17. Bxg7 Kxg7 18. h4 Bc6 19. Ng5 Nf5 20. h5 h6 21. Ne4 Qh4 22. Nf6 Ne7 23. hxg6 fxg6 24. Rae1 Nd5 25. Re4 Qg5 26. f4 Nxf4 27. Rexf4 h5 28. Qf2 Ra7 29. Be4 Bxe4 30. Rxe4 Raf7 31. Rf4 Rh8 32. Ne8+ Rxe8 33. Rxf7+ Kh6 34. Rf8 Qe7 35. Qf4+ Kh7 36. Rf7+ 1-0

[Event "4NCL Online Division 7"]
[Site "online"]
[Date "2021.02.23"]
[EventDate "2021.02.23"]
[Round "3.234"]
[White "Ritchie, Stephen"]
[WhiteElo "1164"]
[WhiteTeam "Far, Far Away"]
[Black "McCormick, Christopher"]
[BlackElo "1043"]
[BlackTeam "Guildford Castles 3"]
[Result "1-0"]
[PlyCount "61"]

1. e4 e5 2. Nf3 Nf6 3. Bc4 d6 4. d4 Nc6 5. dxe5 dxe5 6. Qxd8+ Nxd8 7. Nxe5 Be6 8. Bd3 Bd6 9. Nf3 O-O 10. e5 Bb4+ 11. c3 Ng4 12. cxb4 Nc6 13. Bf4 Rfe8 14. Bb5 Rad8 15. O-O Rd5 16. Bxc6 bxc6 17. Nc3 Rd3 18. h3 Nh6 19. Bxh6 gxh6 20. a3 Bc4 21. Rfd1 Red8 22. Rxd3 Rxd3 23. Rd1 Rxd1+ 24. Nxd1 Kf8 25. Nd4 Bd5 26. Nc3 Bc4 27. Nxc6 a6 28. f4 Ke8 29. Nd4 Kd7 30. g3 Be6 31. Nxe6 1-0

[Event "4NCL Online Division 7"]
[Site "online"]
[Date "2021.02.23"]
[EventDate "2021.02.23"]
[Round "3.241"]
[White "Badacsonyi, Stanley"]
[WhiteElo "1214"]
[WhiteTeam "MHJ Knights"]
[Black "Sumagaysay, Neil"]
[BlackElo "1689"]
[BlackTeam "Braunstone 2"]
[Result "1-0"]
[PlyCount "69"]

1. d4 Nf6 2. Nc3 d5 3. Bf4 c6 4. e3 Bf5 5. f3 e6 6. g4 Bg6 7. h4 h5 8. g5 Nfd7 9. Bd3 Bxd3 10. Qxd3 Bb4 11. Ne2 Nb6 12. Kf2 N8d7 13. Bg3 Nc4 14. b3 Ncb6 15. Nf4 Nc8 16. g6 Qe7 17. gxf7+ Qxf7 18. Rhg1 Nf6 19. Ng6 Rg8 20. Ke2 Bd6 21. Bxd6 Nxd6 22. Ne5 Qe7 23. Qg6+ Kd8 24. Na4 Kc7 25. Nc5 Raf8 26. Qd3 Nf5 27. Ng6 Qf7 28. Nxf8 Rxf8 29. Qc3 Nxh4 30. Rxg7 Kd6 31. Rxf7 Rxf7 32. Qb4 b6 33. Ne4+ Kc7 34. Qd6+ Kb7 35. Nxf6 1-0

[Event "4NCL Online Division 7"]
[Site "online"]
[Date "2021.02.23"]
[EventDate "2021.02.23"]
[Round "3.242"]
[White "Pyun, Lindsay"]
[WhiteElo "1428"]
[WhiteTeam "Braunstone 2"]
[Black "Vera, Louis"]
[BlackElo "1112"]
[BlackTeam "MHJ Knights"]
[Result "1-0"]
[PlyCount "51"]

1. e4 c6 2. d4 d5 3. exd5 cxd5 4. Bd3 Nc6 5. Nf3 Nf6 6. Bf4 Bg4 7. c3 e6 8. Nbd2 Bd6 9. Bxd6 Qxd6 10. O-O O-O 11. h3 Bh5 12. Re1 Rfe8 13. Nf1 e5 14. dxe5 Nxe5 15. Ng3 Bxf3 16. gxf3 g6 17. Kg2 Rad8 18. Bb5 Re7 19. Qd2 Kg7 20. Rad1 a6 21. Ba4 b5 22. Bc2 h5 23. Qg5 Rde8 24. Nf5+ Kh7 25. Qh6+ Kg8 26. Qg7# 1-0